[Event "Team Championship Russia (Blitz, Women)"]
[Site "Sochi"]
[Date "2018.10.10"]
[Round "11.7"]
[White "Vyrtosu, Natalia"]
[Black "Potapova, Margarita"]
[Result "1-0"]
[BlackElo "2099"]
[WhiteElo "1822"]
[LiveChessVersion "1.4.8"]

1. d4 {[%clk 0:03:03]} Nf6 {[%clk 0:03:03]} 2. Nf3 {[%clk 0:03:04]} g6
{[%clk 0:03:03]} 3. g3 {[%clk 0:03:06]} Bg7 {[%clk 0:03:03]} 4. Bg2
{[%clk 0:03:07]} O-O {[%clk 0:03:02]} 5. b3 {[%clk 0:03:08]} c5 {[%clk 0:03:03]}
6. Bb2 {[%clk 0:03:08]} cxd4 {[%clk 0:03:04]} 7. Bxd4 {[%clk 0:03:06]} Nc6
{[%clk 0:03:04]} 8. Bb2 {[%clk 0:03:07]} d5 {[%clk 0:03:05]} 9. O-O
{[%clk 0:03:07]} Bf5 {[%clk 0:02:54]} 10. Nh4 {[%clk 0:02:56]} Be6
{[%clk 0:02:49]} 11. Nd2 {[%clk 0:02:50]} Rc8 {[%clk 0:02:50]} 12. Rc1
{[%clk 0:02:42]} d4 {[%clk 0:02:43]} 13. c3 {[%clk 0:02:32]} Nd5 {[%clk 0:02:26]}
14. cxd4 {[%clk 0:02:22]} Nxd4 {[%clk 0:02:01]} 15. Nc4 {[%clk 0:02:15]} Nc6
{[%clk 0:01:47]} 16. Bxg7 {[%clk 0:02:09]} Kxg7 {[%clk 0:01:48]} 17. Qc2
{[%clk 0:02:04]} f6 {[%clk 0:01:29]} 18. Rfd1 {[%clk 0:02:05]} Ncb4
{[%clk 0:01:27]} 19. Qb2 {[%clk 0:02:03]} g5 {[%clk 0:00:46]} 20. a3
{[%clk 0:02:05]} gxh4 {[%clk 0:00:42]} 21. axb4 {[%clk 0:02:06]} b5
{[%clk 0:00:34]} 22. Ne3 {[%clk 0:01:57]} Rxc1 {[%clk 0:00:34]} 23. Qxc1
{[%clk 0:01:58]} hxg3 {[%clk 0:00:18]} 24. hxg3 {[%clk 0:01:59]} Nf4
{[%clk 0:00:06]} 25. gxf4 Qb6 26. Nd5 {[%clk 0:01:44]} Qd6 {[%clk 0:00:05]} 27.
Qe3 {[%clk 0:01:21]} Re8 {[%clk 0:00:03]} 28. Rd4 {[%clk 0:01:16]} Kh8
{[%clk 0:00:04]} 29. Nxf6 {[%clk 0:01:13]} Qb6 30. Nxe8 {[%clk 0:01:12]} 1-0

[Event "Team Championship Russia (Blitz, Women)"]
[Site "Sochi"]
[Date "2018.10.10"]
[Round "11.9"]
[White "Suslova, Alena"]
[Black "Bivol, Alina"]
[Result "0-1"]
[BlackElo "2217"]
[WhiteElo "2030"]
[LiveChessVersion "1.4.8"]

1. c4 {[%clk 0:03:03]} Nf6 {[%clk 0:03:03]} 2. Nc3 {[%clk 0:03:04]} g6
{[%clk 0:03:04]} 3. g3 {[%clk 0:03:05]} Bg7 {[%clk 0:03:06]} 4. Bg2
{[%clk 0:03:05]} O-O {[%clk 0:03:06]} 5. e4 {[%clk 0:03:06]} d6 {[%clk 0:03:06]}
6. Nge2 {[%clk 0:03:06]} Nc6 {[%clk 0:03:04]} 7. O-O {[%clk 0:03:06]} e5
{[%clk 0:03:02]} 8. d3 {[%clk 0:03:07]} a6 {[%clk 0:02:57]} 9. h3
{[%clk 0:03:06]} Rb8 {[%clk 0:02:55]} 10. Be3 {[%clk 0:03:02]} b5
{[%clk 0:02:54]} 11. b3 {[%clk 0:03:00]} Bd7 {[%clk 0:02:40]} 12. Rc1
{[%clk 0:02:45]} Ne8 {[%clk 0:02:35]} 13. cxb5 {[%clk 0:02:25]} axb5
{[%clk 0:02:36]} 14. d4 {[%clk 0:02:25]} exd4 {[%clk 0:02:31]} 15. Nxd4
{[%clk 0:02:26]} Nxd4 {[%clk 0:02:27]} 16. Bxd4 {[%clk 0:02:25]} Bxd4
{[%clk 0:02:27]} 17. Qxd4 {[%clk 0:02:24]} c5 {[%clk 0:02:28]} 18. Qd2
{[%clk 0:02:11]} Bc6 {[%clk 0:02:25]} 19. Rfd1 {[%clk 0:02:06]} Qe7
{[%clk 0:02:18]} 20. f4 {[%clk 0:01:48]} Ra8 {[%clk 0:02:14]} 21. e5
{[%clk 0:01:34]} Bxg2 {[%clk 0:01:48]} 22. Qxg2 {[%clk 0:01:27]} Rb8
{[%clk 0:01:34]} 23. Re1 {[%clk 0:00:57]} dxe5 {[%clk 0:01:30]} 24. Rxe5
{[%clk 0:00:57]} Qa7 25. Qf2 {[%clk 0:00:49]} Nf6 {[%clk 0:00:59]} 26. Qxc5
{[%clk 0:00:40]} Qd7 {[%clk 0:01:00]} 27. Kg2 {[%clk 0:00:21]} Rfc8
{[%clk 0:00:48]} 28. Qf2 {[%clk 0:00:17]} b4 {[%clk 0:00:46]} 29. Rd1
{[%clk 0:00:15]} Qb7+ {[%clk 0:00:45]} 30. Nd5 {[%clk 0:00:16]} Nxd5
{[%clk 0:00:30]} 31. Rexd5 {[%clk 0:00:16]} Rc3 {[%clk 0:00:27]} 32. Kg1
{[%clk 0:00:13]} Qc7 {[%clk 0:00:23]} 33. Rd7 {[%clk 0:00:11]} Qa5
{[%clk 0:00:17]} 34. R1d2 {[%clk 0:00:09]} Rbc8 {[%clk 0:00:18]} 35. Kh2
{[%clk 0:00:07]} Rc1 {[%clk 0:00:18]} 36. Qd4 {[%clk 0:00:05]} R1c2
{[%clk 0:00:11]} 37. Kg1 0-1

[Event "Team Championship Russia (Blitz, Women)"]
[Site "Sochi"]
[Date "2018.10.10"]
[Round "11.10"]
[White "Vasilevich, Irina"]
[Black "Vinokur, Yuliya"]
[Result "1-0"]
[BlackElo "2044"]
[WhiteElo "2160"]
[LiveChessVersion "1.4.8"]

1. b3 {[%clk 0:03:03]} e5 {[%clk 0:03:01]} 2. Bb2 {[%clk 0:03:04]} Nc6
{[%clk 0:03:01]} 3. e3 {[%clk 0:03:05]} Nf6 {[%clk 0:03:02]} 4. Be2
{[%clk 0:03:06]} d5 {[%clk 0:02:45]} 5. d3 {[%clk 0:03:06]} d4 {[%clk 0:02:37]}
6. e4 {[%clk 0:03:03]} Bb4+ {[%clk 0:02:03]} 7. Nd2 {[%clk 0:03:01]} Qe7
{[%clk 0:02:04]} 8. a3 {[%clk 0:02:55]} Bd6 {[%clk 0:01:43]} 9. Nc4
{[%clk 0:02:48]} O-O {[%clk 0:01:43]} 10. Nxd6 {[%clk 0:02:30]} cxd6
{[%clk 0:01:37]} 11. Nf3 {[%clk 0:02:18]} d5 {[%clk 0:01:38]} 12. Nd2
{[%clk 0:02:06]} dxe4 {[%clk 0:01:30]} 13. dxe4 {[%clk 0:02:03]} Be6
{[%clk 0:01:22]} 14. O-O {[%clk 0:02:01]} a6 {[%clk 0:01:18]} 15. Bc4
{[%clk 0:01:58]} Bxc4 {[%clk 0:01:15]} 16. Nxc4 {[%clk 0:01:40]} Nxe4
{[%clk 0:00:46]} 17. Re1 {[%clk 0:01:41]} Nc3 {[%clk 0:00:41]} 18. Bxc3
{[%clk 0:01:38]} dxc3 {[%clk 0:00:42]} 19. Qf3 {[%clk 0:01:09]} Qc5
{[%clk 0:00:29]} 20. Rad1 {[%clk 0:00:48]} Nd4 {[%clk 0:00:23]} 21. Qe4
{[%clk 0:00:42]} f6 {[%clk 0:00:21]} 22. Qxb7 {[%clk 0:00:30]} Nxc2
{[%clk 0:00:17]} 23. Rd7 {[%clk 0:00:31]} Rfb8 {[%clk 0:00:03]} 24. Rxg7+
{[%clk 0:00:31]} 1-0

[Event "Team Championship Russia (Blitz, Women)"]
[Site "Sochi"]
[Date "2018.10.10"]
[Round "11.11"]
[White "Mukhina, Jana"]
[Black "Maltsevskaya, Aleksandra"]
[Result "1-0"]
[BlackElo "2269"]
[WhiteElo "1987"]
[LiveChessVersion "1.4.8"]

1. e4 {[%clk 0:03:03]} c5 {[%clk 0:02:59]} 2. c3 {[%clk 0:03:05]} d5
{[%clk 0:02:55]} 3. exd5 {[%clk 0:03:06]} Qxd5 4. d4 Nf6 {[%clk 0:02:55]} 5. Nf3
{[%clk 0:03:09]} Bg4 {[%clk 0:02:56]} 6. Be2 {[%clk 0:03:10]} e6 {[%clk 0:02:56]}
7. h3 {[%clk 0:03:08]} Bh5 {[%clk 0:02:57]} 8. O-O {[%clk 0:03:07]} Be7
{[%clk 0:02:57]} 9. Be3 {[%clk 0:03:08]} cxd4 {[%clk 0:02:58]} 10. Nxd4
{[%clk 0:03:09]} Bxe2 {[%clk 0:02:55]} 11. Nxe2 {[%clk 0:03:06]} O-O
{[%clk 0:02:53]} 12. Qxd5 {[%clk 0:03:00]} Nxd5 {[%clk 0:02:53]} 13. Bd4
{[%clk 0:03:02]} Nc6 {[%clk 0:02:54]} 14. c4 {[%clk 0:02:43]} Ndb4
{[%clk 0:02:35]} 15. Na3 {[%clk 0:02:36]} Nxd4 {[%clk 0:02:25]} 16. Nxd4
{[%clk 0:02:37]} Nd3 {[%clk 0:02:18]} 17. Rab1 {[%clk 0:02:09]} Rfd8
{[%clk 0:02:12]} 18. Ndb5 {[%clk 0:00:40]} a6 {[%clk 0:01:00]} 19. Nc3
{[%clk 0:00:40]} Rac8 {[%clk 0:00:58]} 20. Nc2 {[%clk 0:00:33]} Rxc4
{[%clk 0:00:46]} 21. Ne3 {[%clk 0:00:34]} Rcc8 {[%clk 0:00:47]} 22. Rfd1
{[%clk 0:00:33]} Nc5 {[%clk 0:00:39]} 23. Rdc1 {[%clk 0:00:24]} Bf6
{[%clk 0:00:37]} 24. Ng4 {[%clk 0:00:22]} Be7 {[%clk 0:00:28]} 25. Rc2
{[%clk 0:00:22]} h5 {[%clk 0:00:22]} 26. Ne3 {[%clk 0:00:21]} Bf6
{[%clk 0:00:21]} 27. Rbc1 {[%clk 0:00:20]} Bg5 {[%clk 0:00:13]} 28. Ne4
{[%clk 0:00:17]} Bxe3 {[%clk 0:00:11]} 29. fxe3 {[%clk 0:00:16]} b6
{[%clk 0:00:13]} 30. b4 {[%clk 0:00:17]} Rd3 {[%clk 0:00:05]} 31. bxc5
{[%clk 0:00:15]} bxc5 {[%clk 0:00:06]} 32. Rxc5 {[%clk 0:00:14]} Rb8
{[%clk 0:00:05]} 33. Rc8+ {[%clk 0:00:14]} Rxc8 {[%clk 0:00:06]} 34. Rxc8+
{[%clk 0:00:15]} Kh7 {[%clk 0:00:08]} 35. Kf2 {[%clk 0:00:06]} Ra3
{[%clk 0:00:05]} 36. Rc2 {[%clk 0:00:06]} f6 {[%clk 0:00:05]} 37. Nc5
{[%clk 0:00:07]} e5 {[%clk 0:00:06]} 38. Ke2 {[%clk 0:00:08]} Kg6
{[%clk 0:00:06]} 39. e4 h4 {[%clk 0:00:06]} 40. Nd3 {[%clk 0:00:07]} Kg5
{[%clk 0:00:06]} 41. Nb2 {[%clk 0:00:06]} Rxa2 {[%clk 0:00:05]} 42. Kd3
{[%clk 0:00:06]} Ra3+ {[%clk 0:00:06]} 43. Rc3 {[%clk 0:00:07]} Ra2
{[%clk 0:00:06]} 44. Kc2 {[%clk 0:00:05]} Ra1 {[%clk 0:00:07]} 45. Rc7
{[%clk 0:00:05]} g6 {[%clk 0:00:08]} 46. Nc4 {[%clk 0:00:06]} Ra2+
{[%clk 0:00:08]} 47. Nb2 {[%clk 0:00:07]} Ra3 {[%clk 0:00:08]} 48. Nd3
{[%clk 0:00:08]} Ra4 {[%clk 0:00:08]} 49. Kd2 {[%clk 0:00:05]} Rxe4
{[%clk 0:00:05]} 50. Nc5 {[%clk 0:00:06]} Rc4 {[%clk 0:00:05]} 51. Ne6+
{[%clk 0:00:07]} Kf5 {[%clk 0:00:06]} 52. Rxc4 {[%clk 0:00:08]} Kxe6
{[%clk 0:00:07]} 53. Rxh4 {[%clk 0:00:09]} g5 {[%clk 0:00:08]} 54. Ra4
{[%clk 0:00:10]} e4 {[%clk 0:00:07]} 55. Rxa6+ {[%clk 0:00:11]} Ke5
{[%clk 0:00:09]} 56. Ra5+ {[%clk 0:00:12]} Kf4 {[%clk 0:00:09]} 57. Ra3
{[%clk 0:00:13]} f5 {[%clk 0:00:10]} 58. Ke2 {[%clk 0:00:14]} Ke5
{[%clk 0:00:11]} 59. Rg3 {[%clk 0:00:15]} Kf4 {[%clk 0:00:10]} 60. Ra3
{[%clk 0:00:16]} Ke5 {[%clk 0:00:11]} 61. g3 {[%clk 0:00:17]} f4 {[%clk 0:00:12]}
62. gxf4+ {[%clk 0:00:18]} gxf4 63. Ra4 Kf5 {[%clk 0:00:11]} 64. Ra5+
{[%clk 0:00:20]} Kg6 {[%clk 0:00:11]} 65. Kf2 {[%clk 0:00:22]} Kf6
{[%clk 0:00:12]} 66. h4 {[%clk 0:00:23]} Kg6 {[%clk 0:00:13]} 67. h5+
{[%clk 0:00:23]} Kh6 {[%clk 0:00:13]} 68. Kg2 {[%clk 0:00:24]} Kg7
{[%clk 0:00:12]} 69. Re5 {[%clk 0:00:24]} e3 {[%clk 0:00:12]} 70. Kf3
{[%clk 0:00:26]} Kf6 {[%clk 0:00:13]} 71. Ke4 1-0

[Event "Team Championship Russia (Blitz, Women)"]
[Site "Sochi"]
[Date "2018.10.10"]
[Round "11.12"]
[White "Drozdova, Dina"]
[Black "Mamontova, Anastasia"]
[Result "1-0"]
[BlackElo "1903"]
[WhiteElo "2164"]
[LiveChessVersion "1.4.8"]

1. d4 {[%clk 0:03:02]} Nf6 {[%clk 0:03:02]} 2. c4 {[%clk 0:03:03]} e6
{[%clk 0:03:03]} 3. Nf3 {[%clk 0:03:04]} b6 {[%clk 0:03:01]} 4. g3
{[%clk 0:03:04]} Bb7 {[%clk 0:03:02]} 5. Bg2 {[%clk 0:03:06]} Bb4+
{[%clk 0:03:00]} 6. Bd2 {[%clk 0:03:06]} Qe7 {[%clk 0:02:56]} 7. Nc3
{[%clk 0:03:05]} O-O {[%clk 0:02:30]} 8. O-O {[%clk 0:03:05]} Bxc3
{[%clk 0:02:19]} 9. Bxc3 {[%clk 0:03:05]} Ne4 {[%clk 0:02:20]} 10. Rc1
{[%clk 0:02:53]} Na6 {[%clk 0:02:16]} 11. Be1 {[%clk 0:02:49]} Rab8
{[%clk 0:02:12]} 12. Qa4 {[%clk 0:02:08]} d5 {[%clk 0:02:09]} 13. b4
{[%clk 0:01:49]} c6 {[%clk 0:01:18]} 14. Ne5 {[%clk 0:01:39]} Rbc8
{[%clk 0:01:02]} 15. cxd5 {[%clk 0:01:25]} cxd5 {[%clk 0:00:49]} 16. Rxc8
{[%clk 0:01:02]} Rxc8 {[%clk 0:00:33]} 17. b5 {[%clk 0:01:02]} Nc7
{[%clk 0:00:34]} 18. Bb4 {[%clk 0:00:45]} Qe8 {[%clk 0:00:31]} 19. Nc6
{[%clk 0:00:30]} Bxc6 {[%clk 0:00:30]} 20. bxc6 {[%clk 0:00:31]} a5
{[%clk 0:00:15]} 21. Bxe4 {[%clk 0:00:19]} dxe4 {[%clk 0:00:14]} 22. Bd6
{[%clk 0:00:19]} b5 {[%clk 0:00:06]} 23. Qxa5 {[%clk 0:00:16]} Qxc6
{[%clk 0:00:06]} 24. Bxc7 {[%clk 0:00:15]} Rxc7 {[%clk 0:00:07]} 25. e3
{[%clk 0:00:15]} h6 {[%clk 0:00:08]} 26. h4 {[%clk 0:00:15]} Qc4 {[%clk 0:00:08]}
27. Rb1 {[%clk 0:00:15]} Rc8 {[%clk 0:00:06]} 28. Qxb5 {[%clk 0:00:15]} Qxa2
{[%clk 0:00:06]} 29. Qb7 {[%clk 0:00:15]} Qc2 {[%clk 0:00:06]} 30. Rf1
{[%clk 0:00:14]} Rc3 {[%clk 0:00:06]} 31. Qb8+ {[%clk 0:00:14]} Kh7
{[%clk 0:00:08]} 32. Qf4 {[%clk 0:00:15]} Kg8 {[%clk 0:00:08]} 33. Ra1
{[%clk 0:00:10]} Rc8 {[%clk 0:00:10]} 34. Ra7 {[%clk 0:00:10]} Rf8
{[%clk 0:00:10]} 35. Kg2 {[%clk 0:00:09]} Qb1 {[%clk 0:00:10]} 36. Rc7
{[%clk 0:00:08]} Qd3 {[%clk 0:00:10]} 37. g4 {[%clk 0:00:09]} Qb1
{[%clk 0:00:09]} 38. h5 {[%clk 0:00:05]} Qb3 {[%clk 0:00:10]} 39. Qxe4
{[%clk 0:00:05]} Qb6 {[%clk 0:00:10]} 40. Rb7 {[%clk 0:00:06]} Qd6
{[%clk 0:00:11]} 41. Qf3 {[%clk 0:00:07]} Qd8 {[%clk 0:00:11]} 42. Qc6
{[%clk 0:00:07]} Qg5 {[%clk 0:00:12]} 43. Qf3 {[%clk 0:00:08]} Qd8
{[%clk 0:00:10]} 44. Qe4 {[%clk 0:00:09]} Qg5 {[%clk 0:00:07]} 45. Qf3
{[%clk 0:00:09]} Qd8 {[%clk 0:00:07]} 46. Kg3 {[%clk 0:00:09]} Qd6+
{[%clk 0:00:07]} 47. Qf4 {[%clk 0:00:07]} Qd5 {[%clk 0:00:08]} 48. Qf3
{[%clk 0:00:08]} Qd6+ 49. Kg2 Qd8 {[%clk 0:00:10]} 50. Ra7 {[%clk 0:00:09]} Qg5
{[%clk 0:00:10]} 51. Qf4 {[%clk 0:00:10]} Qb5 {[%clk 0:00:10]} 52. Rc7
{[%clk 0:00:08]} Qd5+ {[%clk 0:00:10]} 53. Qf3 {[%clk 0:00:09]} Qg5
{[%clk 0:00:12]} 54. Rc5 {[%clk 0:00:10]} Qe7 {[%clk 0:00:12]} 55. Qg3
{[%clk 0:00:10]} Ra8 {[%clk 0:00:12]} 56. g5 {[%clk 0:00:11]} hxg5 57. Qxg5
{[%clk 0:00:12]} Qb7+ {[%clk 0:00:10]} 58. Kg3 {[%clk 0:00:05]} Kf8
{[%clk 0:00:11]} 59. Qf4 {[%clk 0:00:06]} Re8 {[%clk 0:00:10]} 60. Qf3
{[%clk 0:00:07]} Qd7 {[%clk 0:00:10]} 61. Qe4 {[%clk 0:00:08]} Qd6+
{[%clk 0:00:11]} 62. Kg2 {[%clk 0:00:09]} Qe7 {[%clk 0:00:12]} 63. Qh7
{[%clk 0:00:09]} Qd6 {[%clk 0:00:10]} 64. h6 {[%clk 0:00:10]} gxh6
{[%clk 0:00:09]} 65. Qxh6+ {[%clk 0:00:11]} Ke7 {[%clk 0:00:10]} 66. Qg5+
{[%clk 0:00:13]} Kd7 {[%clk 0:00:10]} 67. Qe5 {[%clk 0:00:14]} Rg8+
{[%clk 0:00:10]} 68. Kf1 {[%clk 0:00:15]} Qa6+ {[%clk 0:00:11]} 69. Ke1
{[%clk 0:00:14]} Qa1+ {[%clk 0:00:11]} 70. Ke2 {[%clk 0:00:15]} Qa2+
{[%clk 0:00:10]} 71. Kf3 {[%clk 0:00:16]} Qa8+ {[%clk 0:00:11]} 72. Qe4
{[%clk 0:00:17]} Qa1 {[%clk 0:00:07]} 73. Qc6+ {[%clk 0:00:17]} Ke7
{[%clk 0:00:08]} 74. Qc7+ {[%clk 0:00:17]} Kf6 {[%clk 0:00:09]} 75. Qf4+
{[%clk 0:00:18]} Kg7 {[%clk 0:00:06]} 76. Qg5+ {[%clk 0:00:18]} Kh7
{[%clk 0:00:00]} 77. Qh5+ {[%clk 0:00:18]} Kg7 {[%clk 0:00:00]} 78. Rg5+
{[%clk 0:00:18]} Kf8 {[%clk 0:00:00]} 79. Qh6+ {[%clk 0:00:18]} Ke7 80. Ke4 1-0

[Event "Team Championship Russia (Blitz, Women)"]
[Site "Sochi"]
[Date "2018.10.10"]
[Round "12.1"]
[White "Pogonina, Natalija"]
[Black "Charochkina, Daria"]
[Result "1/2-1/2"]
[BlackElo "2267"]
[WhiteElo "2328"]
[LiveChessVersion "1.4.8"]

1. d4 {[%clk 0:03:03]} f5 {[%clk 0:03:03]} 2. c4 {[%clk 0:03:03]} Nf6
{[%clk 0:03:04]} 3. Nc3 {[%clk 0:03:03]} e6 {[%clk 0:03:05]} 4. Qc2
{[%clk 0:03:02]} Bb4 {[%clk 0:03:05]} 5. e3 {[%clk 0:03:02]} b6 {[%clk 0:03:06]}
6. Bd3 {[%clk 0:03:02]} Bb7 {[%clk 0:03:07]} 7. f3 {[%clk 0:03:03]} c5
{[%clk 0:03:08]} 8. Nge2 {[%clk 0:03:00]} Nc6 {[%clk 0:03:09]} 9. O-O
{[%clk 0:02:59]} O-O {[%clk 0:02:33]} 10. a3 {[%clk 0:02:58]} cxd4
{[%clk 0:02:33]} 11. axb4 {[%clk 0:02:38]} Nxb4 {[%clk 0:02:10]} 12. Qd2
{[%clk 0:02:18]} dxc3 {[%clk 0:02:03]} 13. Nxc3 {[%clk 0:02:13]} Nxd3
{[%clk 0:02:01]} 14. Qxd3 {[%clk 0:02:14]} d5 {[%clk 0:01:51]} 15. cxd5
{[%clk 0:02:13]} Nxd5 {[%clk 0:01:51]} 16. Nxd5 {[%clk 0:02:11]} Qxd5
{[%clk 0:01:45]} 17. Qxd5 {[%clk 0:02:11]} Bxd5 {[%clk 0:01:45]} 18. Bd2
{[%clk 0:02:11]} Rfc8 {[%clk 0:01:39]} 19. Rfc1 {[%clk 0:02:09]} a5
{[%clk 0:01:33]} 20. Kf2 {[%clk 0:02:06]} Kf7 {[%clk 0:01:33]} 21. Rc3
{[%clk 0:01:52]} Rxc3 {[%clk 0:01:30]} 22. Bxc3 {[%clk 0:01:52]} a4
{[%clk 0:01:20]} 23. Bd4 {[%clk 0:01:31]} b5 {[%clk 0:01:21]} 24. Rc1
{[%clk 0:01:32]} Bc4 {[%clk 0:01:22]} 25. Bc5 {[%clk 0:01:30]} Rd8
{[%clk 0:01:20]} 26. Bb4 {[%clk 0:01:27]} Rd3 {[%clk 0:01:18]} 27. Bc3
{[%clk 0:01:21]} g6 {[%clk 0:01:11]} 28. Rc2 {[%clk 0:01:17]} Ke7
{[%clk 0:00:31]} 29. Rd2 {[%clk 0:01:07]} Kd6 {[%clk 0:00:30]} 30. Rxd3+
{[%clk 0:00:54]} Bxd3 {[%clk 0:00:31]} 31. e4 {[%clk 0:00:25]} fxe4
{[%clk 0:00:29]} 32. Ke3 {[%clk 0:00:24]} Bf1 {[%clk 0:00:19]} 33. Kxe4
{[%clk 0:00:17]} Bxg2 {[%clk 0:00:19]} 34. Bb4+ {[%clk 0:00:18]} Kd7
{[%clk 0:00:16]} 35. h4 {[%clk 0:00:19]} Bh3 {[%clk 0:00:14]} 36. Ke5
{[%clk 0:00:17]} Bf5 {[%clk 0:00:15]} 37. f4 {[%clk 0:00:16]} h5 {[%clk 0:00:15]}
38. Ba3 {[%clk 0:00:15]} Kc6 {[%clk 0:00:16]} 39. Bb4 {[%clk 0:00:16]} Kd7
{[%clk 0:00:11]} 40. Ba3 {[%clk 0:00:16]} Bc2 {[%clk 0:00:09]} 41. Bb4
{[%clk 0:00:17]} Bf5 {[%clk 0:00:08]} 42. Ba3 {[%clk 0:00:18]} Kc7
{[%clk 0:00:09]} 43. Bb4 {[%clk 0:00:19]} Kb6 {[%clk 0:00:09]} 44. Kd6
{[%clk 0:00:18]} Bg4 {[%clk 0:00:09]} 45. Bc3 {[%clk 0:00:12]} Bf5
{[%clk 0:00:07]} 46. Bb4 {[%clk 0:00:13]} Bg4 {[%clk 0:00:08]} 47. Bc3
{[%clk 0:00:14]} Bf5 {[%clk 0:00:06]} 48. Bb4 {[%clk 0:00:15]} Bg4
{[%clk 0:00:06]} 49. Bc3 {[%clk 0:00:17]} Kb7 {[%clk 0:00:05]} 50. Bb4
{[%clk 0:00:18]} Kb6 {[%clk 0:00:06]} 51. Bc3 {[%clk 0:00:19]} Kb7
{[%clk 0:00:05]} 52. Bb4 {[%clk 0:00:20]} Ka6 {[%clk 0:00:06]} 53. Bc3
{[%clk 0:00:20]} Kb6 {[%clk 0:00:05]} 54. Bb4 {[%clk 0:00:21]} 1/2-1/2

[Event "Team Championship Russia (Blitz, Women)"]
[Site "Sochi"]
[Date "2018.10.10"]
[Round "12.2"]
[White "Vasilevich, Tatjana"]
[Black "Girya, Olga"]
[Result "0-1"]
[BlackElo "2389"]
[WhiteElo "2238"]
[LiveChessVersion "1.4.8"]

1. d4 {[%clk 0:03:03]} d5 {[%clk 0:03:03]} 2. c4 {[%clk 0:03:04]} c6
{[%clk 0:03:04]} 3. Nf3 {[%clk 0:03:05]} Nf6 {[%clk 0:03:05]} 4. e3
{[%clk 0:03:07]} Bg4 {[%clk 0:03:06]} 5. h3 {[%clk 0:03:06]} Bh5 {[%clk 0:03:07]}
6. g4 {[%clk 0:03:05]} Bg6 {[%clk 0:03:08]} 7. Ne5 {[%clk 0:03:05]} Nbd7
{[%clk 0:03:09]} 8. Nxg6 {[%clk 0:03:03]} hxg6 {[%clk 0:03:10]} 9. Nc3
{[%clk 0:02:58]} e6 {[%clk 0:03:12]} 10. a3 {[%clk 0:02:57]} dxc4
{[%clk 0:03:12]} 11. Bxc4 {[%clk 0:02:56]} Nb6 {[%clk 0:03:14]} 12. Bd3
{[%clk 0:02:43]} Qc7 {[%clk 0:02:39]} 13. Bd2 {[%clk 0:01:56]} Nbd5
{[%clk 0:02:13]} 14. Kf1 {[%clk 0:01:49]} Be7 {[%clk 0:02:08]} 15. Kg2
{[%clk 0:01:49]} Rd8 {[%clk 0:02:08]} 16. Qe2 {[%clk 0:01:41]} g5
{[%clk 0:02:09]} 17. Rac1 {[%clk 0:01:40]} Kf8 {[%clk 0:02:00]} 18. Nxd5
{[%clk 0:01:06]} Nxd5 {[%clk 0:01:54]} 19. Be4 {[%clk 0:01:06]} Qb6
{[%clk 0:01:51]} 20. Bxd5 {[%clk 0:01:00]} exd5 {[%clk 0:01:41]} 21. Bc3
{[%clk 0:00:55]} Rh6 {[%clk 0:01:42]} 22. Qd3 {[%clk 0:00:49]} Re8
{[%clk 0:01:42]} 23. Rhf1 {[%clk 0:00:41]} Kg8 {[%clk 0:01:41]} 24. Rce1
{[%clk 0:00:41]} Qc7 {[%clk 0:01:41]} 25. f4 {[%clk 0:00:41]} Re6
{[%clk 0:01:35]} 26. e4 {[%clk 0:00:32]} gxf4 {[%clk 0:01:20]} 27. e5
{[%clk 0:00:33]} Bh4 {[%clk 0:01:15]} 28. Re2 {[%clk 0:00:31]} Bg3
{[%clk 0:01:16]} 29. Be1 {[%clk 0:00:26]} f6 {[%clk 0:01:11]} 30. Bxg3
{[%clk 0:00:21]} fxg3 {[%clk 0:01:12]} 31. Qxg3 {[%clk 0:00:16]} fxe5
{[%clk 0:01:13]} 32. Rf5 {[%clk 0:00:15]} Qb6 {[%clk 0:00:59]} 33. dxe5
{[%clk 0:00:15]} d4 {[%clk 0:00:53]} 34. Ref2 {[%clk 0:00:10]} Qd8
{[%clk 0:00:42]} 35. Qf4 {[%clk 0:00:04]} d3 {[%clk 0:00:37]} 36. Kh2
{[%clk 0:00:04]} b5 {[%clk 0:00:35]} 37. b4 {[%clk 0:00:05]} a5 {[%clk 0:00:34]}
38. Kg2 {[%clk 0:00:04]} axb4 {[%clk 0:00:35]} 39. axb4 {[%clk 0:00:06]} Qd5+
{[%clk 0:00:30]} 40. Kh2 {[%clk 0:00:06]} Rxe5 {[%clk 0:00:25]} 41. Rf8+ Rxf8
{[%clk 0:00:15]} 42. Qxf8+ {[%clk 0:00:05]} Kh7 {[%clk 0:00:17]} 43. Qf4
{[%clk 0:00:00]} 0-1

[Event "Team Championship Russia (Blitz, Women)"]
[Site "Sochi"]
[Date "2018.10.10"]
[Round "12.5"]
[White "Ambartsumova, Karina"]
[Black "Maltseva, Aleksandra"]
[Result "1-0"]
[BlackElo "1405"]
[WhiteElo "2319"]
[LiveChessVersion "1.4.8"]

1. e4 {[%clk 0:03:03]} d5 {[%clk 0:03:03]} 2. exd5 {[%clk 0:03:04]} Qxd5
{[%clk 0:03:04]} 3. Nc3 {[%clk 0:03:05]} Qa5 {[%clk 0:03:06]} 4. d4
{[%clk 0:03:06]} Nc6 {[%clk 0:03:07]} 5. d5 {[%clk 0:03:07]} Nb8 {[%clk 0:02:59]}
6. Bf4 {[%clk 0:03:03]} Bd7 {[%clk 0:03:00]} 7. Nf3 {[%clk 0:03:01]} Na6
{[%clk 0:03:00]} 8. a3 {[%clk 0:02:52]} O-O-O {[%clk 0:02:59]} 9. b4
{[%clk 0:02:46]} Qb6 {[%clk 0:02:53]} 10. Bc4 {[%clk 0:02:46]} Bg4
{[%clk 0:02:44]} 11. h3 {[%clk 0:02:31]} Bh5 {[%clk 0:02:39]} 12. Be3
{[%clk 0:02:06]} Qf6 {[%clk 0:02:36]} 13. Ne4 {[%clk 0:01:43]} Bxf3
{[%clk 0:02:20]} 14. gxf3 {[%clk 0:01:43]} Qg6 {[%clk 0:02:11]} 15. Qe2
{[%clk 0:01:39]} f5 {[%clk 0:02:05]} 16. Ng5 {[%clk 0:01:32]} Qf6
{[%clk 0:01:59]} 17. Rd1 {[%clk 0:01:16]} h6 {[%clk 0:01:53]} 18. Ne6
{[%clk 0:01:16]} Re8 {[%clk 0:01:41]} 19. Bxa6 {[%clk 0:01:14]} Qc3+
{[%clk 0:01:35]} 20. Kf1 {[%clk 0:01:11]} bxa6 {[%clk 0:01:31]} 21. Qxa6+
{[%clk 0:01:11]} Kb8 {[%clk 0:01:32]} 22. Nc5 {[%clk 0:01:08]} Qxc5
{[%clk 0:01:12]} 23. bxc5 {[%clk 0:01:09]} Nf6 {[%clk 0:01:11]} 24. Rb1+
{[%clk 0:01:11]} 1-0